| 000 | 00678nam a2200205 i 4500 | ||
|---|---|---|---|
| 001 | 122254 | ||
| 003 | ES-MaACL | ||
| 005 | 20250902070606.0 | ||
| 007 | t| | ||
| 008 | 070214s1971 sp |||| | spa d | ||
| 100 | 1 |
_aPourbaix, Claude. _993458 |
|
| 245 | 1 | 0 |
_aValoración de empresas _b: criterios y medidas / _cClaude Pourbaix ; prefacio de Pierre Massé ; traducción de Alfonso Márquez Pareja. |
| 260 |
_aMadrid : _bIbérico Europea, _c1971. |
||
| 300 |
_a374 p. ; _c22 cm. |
||
| 650 | 7 |
_aEmpresas- _xValoración _2 _9145861 |
|
| 700 | 1 |
_aMassé, Pierre. _978803 |
|
| 700 | 1 |
_aMárquez Pareja, Alfonso. _977031 |
|
| 852 |
_aES-MaACL _jC-45588 |
||
| 999 |
_c122254 _d122254 |
||